000 00684cam a22002413a 4500
001 5868
003 PGUSA
005 20140828083125.0
008 040601s2004||||xxu|||||s|||||000 p eng d
040 _aPGUSA
_beng
042 _adc
050 4 _aPS
100 1 _aAlger, Horatio,
_d1832-1899
245 1 0 _aNothing to Eat
_h[electronic resource] /
_cHoratio Alger
260 _bProject Gutenberg,
_c2004
500 _aVariously attributed to Horatio Alger, Jr. and T. C. Haliburton.
506 _aPublic domain in the USA.
516 _aElectronic text
653 _aPoetry
830 0 _aProject Gutenberg
_v5868
856 4 0 _uhttp://www.gutenberg.org/ebooks/5868
942 _cEB
999 _c235196
_d235196